| 000 | 00869 a2200205 4500 | ||
|---|---|---|---|
| 003 | Nust | ||
| 005 | 20221229122903.0 | ||
| 010 | _a 74163283 | ||
| 020 | _a900424206 | ||
| 040 | _cNust | ||
| 082 | 0 | 0 | _a355.02,MAC |
| 100 | 1 |
_aMacksey, Kenneth. _946254 |
|
| 245 | 1 | 4 |
_aThe Guinness history of land warfare / _c Kenneth Macksey, with special maps and diagrams drawn by Michael Haine. |
| 260 |
_aEnfield, _bGuinness Superlatives, _c1973. |
||
| 300 |
_a[8], 248 p. _billus. (some col.), maps, plans, ports. _c25 cm. |
||
| 505 | _aThe Roots of Strife , The Millennium of Organization , The Equine Millennium , The Gunpowder Revolution , The Rise of Industry , The Epoch of Totality , The Epoch of Mechanization , The Paradoxical 1944 to the Presents Day | ||
| 650 | 0 |
_aMilitary art and science _xHistory. |
|
| 650 | 0 | _aMilitary history. | |
| 942 |
_2ddc _cBK _k355.02,MAC |
||
| 999 |
_c185532 _d185532 |
||